| 000 | 00462cam a22001577a 4500 | ||
|---|---|---|---|
| 008 | 180718b2005 xxu||||| |||| 00| 0 eng d | ||
| 020 | _a0195672291 | ||
| 082 | _aBx54 G959 | ||
| 245 |
_aAnti-Utopia: essential writings of Andre Beteille _cedited by Dipankar Gupta |
||
| 260 |
_aNew Delhi _bOxford Univ. Press _c2005 |
||
| 300 | _a494p. | ||
| 650 | _aSociology - India | ||
| 650 | _aCaste - India | ||
| 650 | _aCivil society - India | ||
| 700 | _aGupta, Dipankar | ||
| 999 |
_c404450 _d404450 |
||